LIBRARY & INFORMATION CENTRE, KCAET, TAVANUR

ONLINE PUBLIC ACCESS CATALOGUE (OPAC)

Mastering visual basic 6 / (Record no. 12845)

MARC details
000 -LEADER
fixed length control field 00449cam a2200169ua 4500
020 ## - INTERNATIONAL STANDARD BOOK NUMBER
ISBN 81-7656-031-6
041 ## - LANGUAGE CODE
Language code of text/sound track or separate title eng
082 ## - DEWEY DECIMAL CLASSIFICATION NUMBER
Classification number 005.133
Item number PET/MA
100 ## - MAIN ENTRY--AUTHOR NAME
Personal name Petroutsos, Evangelos .
245 ## - TITLE STATEMENT
Title Mastering visual basic 6 /
260 ## - PUBLICATION, DISTRIBUTION, ETC. (IMPRINT)
Place of publication New Delhi :
Name of publisher B P B Publishers ,
Year of publication 2005.
300 ## - PHYSICAL DESCRIPTION
Number of Pages 1285 ; .
942 ## - ADDED ENTRY ELEMENTS (KOHA)
Koha item type Books
Holdings
Withdrawn status Lost status Damaged status Home library Current library Date acquired Full call number Accession Number Koha item type
      KAUAET KAUAET 07/04/2012 005.133 20432 Books
free website counter